Operations Now;Profitability,processes Performance (Record no. 4637)
[ view plain ]
| 005 - DATE AND TIME OF LATEST TRANSACTION | |
|---|---|
| control field | 20250623090007.0 |
| 020 ## - INTERNATIONAL STANDARD BOOK NUMBER | |
| International Standard Book Number | 0-07-297767-1 |
| 082 ## - DEWEY DECIMAL CLASSIFICATION NUMBER | |
| Classification number | 658.5 FIN |
| 100 ## - MAIN ENTRY--PERSONAL NAME | |
| Author name | FINICH,Byron J. |
| 245 ## - TITLE STATEMENT | |
| Title | Operations Now;Profitability,processes Performance |
| 250 ## - EDITION STATEMENT | |
| Edition statement | 2nd Ed. |
| 260 ## - PUBLICATION, DISTRIBUTION, ETC. | |
| Place of publication, distribution, etc. | Boston |
| Name of publisher, distributor, etc. | McGraw-Hill Irwin, |
| Date of publication, distribution, etc. | 2006 |
| 300 ## - PHYSICAL DESCRIPTION | |
| Extent | xxxviii,649p.;ill,Figure,Picture |
| Other physical details | Appendix Glossary,Index |
| Dimensions | 28 Cm. |
| 942 ## - ADDED ENTRY ELEMENTS (KOHA) | |
| Source of classification or shelving scheme | Dewey Decimal Classification |
| Koha item type | Books |
| Date last seen | Total checkouts | Full call number | Barcode | Cost, replacement price | Price effective from | Koha item type | Lost status | Source of classification or shelving scheme | Damaged status | Not for loan | Withdrawn status | Home library | Current library | Shelving location | Date acquired | Source of acquisition | Cost, normal purchase price |
|---|---|---|---|---|---|---|---|---|---|---|---|---|---|---|---|---|---|
| 06/23/2025 | 658.5 FIN | MZA0001932 | 150000.00 | 06/23/2024 | Books | Dewey Decimal Classification | CBE Mwanza | CBE Mwanza | General Collection | 06/23/2024 | Library Budget | 50000.00 | |||||
| 06/23/2025 | 658.5 FIN | MZA0001933 | 150000.00 | 06/23/2024 | Books | Dewey Decimal Classification | CBE Mwanza | CBE Mwanza | General Collection | 06/23/2024 | Library Budget | 50000.00 | |||||
| 06/23/2025 | 658.5 FIN | MZA0001934 | 150000.00 | 06/23/2024 | Books | Dewey Decimal Classification | CBE Mwanza | CBE Mwanza | General Collection | 06/23/2024 | Library Budget | 50000.00 | |||||
| 06/23/2025 | 658.5 FIN | MZA0001935 | 150000.00 | 06/23/2024 | Books | Dewey Decimal Classification | CBE Mwanza | CBE Mwanza | General Collection | 06/23/2024 | Library Budget | 50000.00 | |||||
| 06/23/2025 | 658.5 FIN | MZA0001936 | 150000.00 | 06/23/2024 | Books | Dewey Decimal Classification | CBE Mwanza | CBE Mwanza | General Collection | 06/23/2024 | Library Budget | 50000.00 | |||||
| 06/23/2025 | 658.5 FIN | MZA0001937 | 150000.00 | 06/23/2024 | Books | Dewey Decimal Classification | CBE Mwanza | CBE Mwanza | General Collection | 06/23/2024 | Library Budget | 50000.00 |
